书目信息 |
| 题名: |
公共关系学
|
|
| 作者: | 李祚 编 | |
| 分册: | ||
| 出版信息: | 北京 中国劳动社会保障出版社 2007 |
|
| 页数: | 362页 | |
| 开本: | 20cm | |
| 丛书名: | ||
| 单 册: | ||
| 中图分类: | C912.3 | |
| 科图分类: | ||
| 主题词: | 社会结构 , 社会关系 | |
| 电子资源: | ||
| ISBN: | 978-7-5045-6079-7 | |
| 000 | 00630nam0 2200241 45 | |
| 001 | 0952332996 | |
| 005 | 20091101143354.64 | |
| 010 | @a978-7-5045-6079-7@dCNY30.00 | |
| 100 | @a20090515d2007 ekmy0 y0120 ea | |
| 102 | @aCN@b130000 | |
| 102 | @aCN@b110000 | |
| 105 | @ay z 000yy | |
| 200 | 1 | @a公共关系学@f李祚等编@Fli zuo deng bian |
| 210 | @a北京@c中国劳动社会保障出版社@d2007 | |
| 210 | @a北京@c中国劳动出版社 | |
| 215 | @a362页@d20cm | |
| 606 | 0 | @a社会结构 |
| 606 | 0 | @a社会关系 |
| 690 | @aC912.3@v4 | |
| 701 | 0 | @a李祚@Ali zuo@4编 |
| 801 | 0 | @aCN@c20091101 |
| 905 | @a10447@dC912.3@eL346 | |
| 906 | @d30@n3@r1 | |
| 公共关系学/李祚等编.-北京:中国劳动社会保障出版社,2007.-北京:中国劳动出版社 |
| 362页;20cm |
| ISBN 978-7-5045-6079-7:CNY30.00 |
| ● |
| 相关链接 |
|
|
|
正题名:公共关系学
索取号:C912.3/L346
 
预约/预借
| 序号 | 登录号 | 条形码 | 馆藏地/架位号 | 状态 | 备注 |
| 1 | 891215 | 208912159 | 社科库509/509社科库 59排2列3层/ [索取号:C912.3/L346] | 在馆 | |
| 2 | 891216 | 208912168 | 社科库509/509社科库 59排2列3层/ [索取号:C912.3/L346] | 在馆 | |
| 3 | 891217 | 208912177 | 社科库509/509社科库 59排2列3层/ [索取号:C912.3/L346] | 在馆 |